000 00368 a2200121 4500
001 ART_3411
005 20260410161714.0
008 260409a
245 1 0 _aLos nuevos trabajadores en América Latina
100 1 _aTorre, Juan Carlos
700 1 _aJelin, Elizabeth
773 0 _tDesarrollo económico
_g- Vol. 22, Nº 85 (abr./jun. 1982)
_wREV1174
999 _c16365
_d16365